Statistics for Doctor Who Actors

Click here to take the quiz!

General Stats

  • This quiz has been taken 8 times
  • The average score is 8 of 13

Answer Stats

HintAnswer% Correct
10th DoctorDavid Tennant
88%
11th DoctorMatt Smith
88%
9th DoctorChristopher Eccleston
75%
3rd DoctorJon Pertwee
75%
12th DoctorPeter Capaldi
75%
4th DoctorTom Baker
75%
6th DoctorColin Baker
63%
5th DoctorPeter Davison
63%
7th DoctorSylvester McCoy
63%
1st DoctorWilliam Hartnell
63%
8th DoctorPaul McGann
50%
2nd DoctorPatrick Troughton
38%
13th DoctorJodie Whittaker
13%

Score Distribution

Percentile by Number Answered

Percent of People with Each Score

Your Score History

You have not taken this quiz